Journal of Forecasting

Bibliographic Details
Format: eBook
Language:English
Published: Hoboken: Wiley, 1982 -
Subjects:
Online Access:Acceso restringido

MARC

LEADER 00000nam a22000007a 4500
005 20210329213159.0
007 cr|||| ||||
008 210329c19829999us n|w s|||| 0|||b1eng d
022 |a 0277-6693 
035 |a 32895 
040 |a vLex 
090 |c 11380  |d 11380 
245 0 0 |a Journal of Forecasting  |h [Recurso electrn̤ico] / 
256 |a Servicio en ln̕ea 
260 |a Hoboken:  |b Wiley,  |c 1982 - 
300 |a 1 recurso electrn̤ico 
310 |a Irregular 
362 |a Nð 1-1 (Ene. 1982) - 
506 1 |a Disponible solo en los productos indicados  |d vLex Global  |d vLex Global (Academic Edition, excluding Law Schools)  |d vLex Global (Academic Edition, Law Schools) 
650 0 4 |a Derecho Fiscal  |z Estados Unidos 
650 0 4 |a Derecho Mercantil y de la Empresa  |z Estados Unidos 
740 0 |a vLex Revistas (Servicio en ln̕ea) 
856 4 0 |u https://vlex.com/source/32895  |z Acceso restringido 
942 |c REV 
999 0 |a Tax Law 
999 0 |a Commercial and Company Law